The making of geology in India : (Record no. 142769)

MARC details
000 -LEADER
fixed length control field 00641nam a22001937a 4500
005 - DATE AND TIME OF LATEST TRANSACTION
control field 20170721143012.0
010 ## - LCCN (DPL NO)
LC control number ENG-119279
020 ## - INTERNATIONAL STANDARD BOOK NUMBER
International Standard Book Number 9788180642258
Terms of availability 400.00
035 ## - SYSTEM CONTROL NUMBER
System control number EN-102811
037 ## - SOURCE OF ACQUISITION
Source of stock number/acquisition DBAD/PUB
082 ## - DEWEY DECIMAL CLASSIFICATION NUMBER
Classification number 555.4
100 ## - MAIN ENTRY--PERSONAL NAME
Personal name Sarkar,Sujaya
245 ## - TITLE STATEMENT
Title The making of geology in India :
Statement of responsibility, etc by Sujaya Sarkar
Remainder of title a historical study in science and colonialism 1767-1856 /
260 ## - PUBLICATION, DISTRIBUTION, ETC. (IMPRINT)
Name of publisher, distributor, etc Progressive Publishers
Place of publication, distribution, etc Kolkata
Date of publication, distribution, etc 2016
270 ## - ADDRESS
Address 37A,College Street
City Kolkata
Postal code 700073
300 ## - PHYSICAL DESCRIPTION
Extent 400p.
Dimensions 22cm (Hb)
500 ## - GENERAL NOTE
General note Includes bibliographical references and index
942 ## - ADDED ENTRY ELEMENTS (KOHA)
Source of classification or shelving scheme Dewey Decimal Classification
Item type English Books
Classification part 555.4
Call number suffix SAR
Holdings
Withdrawn status Lost status Not for loan Collection code Home library Current library Date acquired Source of acquisition Cost, normal purchase price Full call number Barcode Copy number Cost, replacement price Koha item type
    Not For Loan Non-fiction D.B.Act.Division Bawana 21/07/2017 DBAD/PUB 400.00 555.4 SAR EN-102811 1 400.00 English Books

© Delhi Public Library
Hit Counter
free hit counter